000 00703nam a2200265 i 4500
001 C2-0322739
003 PPAK
005 20180728121541.0
008 130909s2013 my a|||| ||||| | may d
020 _a9789675409875
040 _aPPAK
_beng
_cPPAK
_erda
082 0 4 _a650.1
_223
090 0 0 _a650.1
_bWAN
_dK
100 0 _aWan Raihan Karim,
_eauthor
245 1 0 _aRumahku
264 1 _aKuala Lumpur :
_bSabunai Media ,
_c2013
300 _a100 pages :
_billustrations ;
_c18 cm
336 _2rdacontent
_atext
337 _2rdamedia
_aunmediated
338 _2rdacarrier
_avolume
490 1 _aSiri bisnesku
650 1 0 _aSuccess in business.
830 0 _aSiri bisnesku
942 _ddc
_cB
999 _c122981
_d122981